[Event "XXXII Belgrade Trophy 2018"]
[Site "Belgrade"]
[Date "2018.11.27"]
[Round "4"]
[White "Vardakas, Stefanos"]
[Black "Pastar, Slaven"]
[Result "0-1"]
[WhiteElo "1986"]
[BlackElo "2326"]
[Annotator "RC"]
[PlyCount "96"]
[EventDate "2018.11.24"]
[EventType "swiss"]
[EventCountry "SRB"]
[SourceTitle "playchess.com"]
[Source "ChessBase"]
[SourceQuality "1"]
[TimeControl "40/5400+30:900+30"]

1. d4 {[%emt 0:00:00]} d5 {[%emt 0:00:00]} 2. Bf4 {[%emt 0:00:00]} Nf6 {[%emt 0:00:00]} 3. e3 {[%emt 0:00:14]} c5 {[%emt 0:00:19]} 4. c3 {[%emt 0:00:26]} Nc6 {[%emt 0:00:12]} 5. Nf3 {[%emt 0:00:57]} Qb6 {[%emt 0:00:21]} 6. Qb3 {[%emt 0:10:02]} c4 {[%emt 0:00:10]} 7. Qc2 {[%emt 0:02:29]} Bf5 {[%emt 0:00:04]} 8. Qc1 {[%emt 0:00:11]} h6 {[%emt 0:04:48]} 9. h3 {[%emt 0:01:38]} e6 {[%emt 0:01:24]} 10. Nbd2 {[%emt 0:00:43]} Qa5 {[%emt 0:06:08]} 11. Be2 {[%emt 0:03:05]} b5 {[%emt 0:01:29]} 12. a3 {[%emt 0:06:24]} Be7 {[%emt 0:01:04]} 13. O-O {[%emt 0:02:22]} O-O {[%emt 0:00:38]} 14. Ne5 {[%emt 0:12:15]} Qb6 {[%emt 0:02:51]} 15. g4 {[%emt 0:02:36]} Bh7 {[%emt 0:01:44]} 16. g5 {[%emt 0:04:07]} hxg5 {[%emt 0:02:23]} 17. Bxg5 {[%emt 0:00:13]} Qc7 {[%emt 0:07:39]} 18. Nxc6 {[%emt 0:05:01]} Qxc6 {[%emt 0:00:04]} 19. f4 {[%emt 0:00:16]} a5 {[%emt 0:02:14]} 20. Kh2 {[%emt 0:21:01]} b4 {[%emt 0:04:46]} 21. Rg1 {[%emt 0:02:40]} bxc3 {[%emt 0:01:31]} 22. bxc3 {[%emt 0:00:31]} Rfb8 {[%emt 0:01:16]} 23. Bxf6 {[%emt 0:11:57]} Bxf6 {[%emt 0:00:06]} 24. Bd1 {[%emt 0:03:42]} Rb7 {[%emt 0:03:22]} 25. Bc2 {[%emt 0:00:28]} Bd3 {[%emt 0:01:06]} 26. a4 {[%emt 0:05:59]} Rab8 {[%emt 0:01:52]} 27. Ra2 {[%emt 0:00:18]} Rb6 {[%emt 0:01:51]} 28. Rg2 {[%emt 0:02:06]} Qb7 {[%emt 0:00:46]} 29. Nf3 {[%emt 0:01:22]} Bxc2 {[%emt 0:06:28]} 30. Qxc2 {[%emt 0:00:09]} Rb1 {[%emt 0:00:35]} 31. Qd2 {[%emt 0:01:36]} Qb3 {[%emt 0:02:47]} 32. Kg3 {[%emt 0:00:31]} Rd1 {[%emt 0:00:28]} 33. Qc2 {[%emt 0:00:19]} Rd3 {[%emt 0:00:09]} 34. Rb2 {[%emt 0:00:38]} Qxb2 {[%emt 0:00:43]} 35. Qxb2 {[%emt 0:00:07]} Rxb2 {[%emt 0:00:03]} 36. Rxb2 {[%emt 0:00:04]} Rxe3 {[%emt 0:00:29]} 37. Rc2 {[%emt 0:00:50]} Bh4+ {[%emt 0:03:30]} 38. Kxh4 {[%emt 0:00:53]} Rxf3 {[%emt 0:00:01]} 39. Kg4 {[%emt 0:00:08]} Re3 {[%emt 0:01:25]} 40. f5 {[%emt 0:00:56]} exf5+ {[%emt 0:02:17]} 41. Kxf5 {[%emt 0:15:05]} Rxh3 {[%emt 0:16:40]} 42. Ke5 {[%emt 0:00:08]} Rh5+ {[%emt 0:00:06]} 43. Kd6 {[%emt 0:00:05]} Rf5 {[%emt 0:00:15]} 44. Rb2 {[%emt 0:00:25]} g5 {[%emt 0:00:09]} 45. Rb5 {[%emt 0:00:56]} g4 {[%emt 0:00:19]} 46. Rb2 {[%emt 0:00:00]} g3 {[%emt 0:00:00]} 47. Kc5 {[%emt 0:00:00]} Rg5 {[%emt 0:00:00]} 48. Rg2 {[%emt 0:00:00]} Kg7 {[%emt 0:00:00]} 0-1

[Event "XXXII Belgrade Trophy 2018"]
[Site "Belgrade"]
[Date "2018.11.28"]
[Round "5"]
[White "Blagojevic, Dragisa"]
[Black "Rajkovic, Mladen"]
[Result "1/2-1/2"]
[WhiteElo "2494"]
[BlackElo "2355"]
[Annotator "TA"]
[PlyCount "32"]
[EventDate "2018.11.24"]
[EventType "swiss"]
[EventCountry "SRB"]
[SourceTitle "playchess.com"]
[Source "ChessBase"]
[SourceQuality "1"]

{[%evp 17,32,5,10,-10,16,0,-9,-9,-7,-33,-24,-24,-23,-39,-46,-35,-22]} 1. d4 Nf6 2. c4 g6 3. Nf3 Bg7 4. g3 d5 5. cxd5 Nxd5 6. Bg2 Nb6 7. Nc3 Nc6 8. e3 O-O 9. O-O Re8 10. a3 {D76: Fianchetto Grünfeld: Main Line with 7...Nb6} Bd7 (10... e5 11. d5 Na5 12. Qc2 c6 13. b4 Nac4 14. dxc6 bxc6 15. Rd1 Bf5 16. e4 Bd7 17. Na4 Nxa4 18. Qxc4 {½-½ (50) Le,Q (2737)-Ivanchuk,V (2726) Huaian 2017}) 11. Ne4 e5 $146 ({Predecessor:} 11... Nd5 12. Nc5 Bc8 13. Ng5 h6 14. Qf3 Nf6 15. Nge4 Nxe4 16. Qxe4 e5 17. d5 Ne7 {½-½ (92) Segal,N (2210)-Aharon,O (2091) Herzliya 2008}) 12. dxe5 {The position is equal.} Nxe5 {White must now prevent ...Bb5.} 13. Nxe5 Rxe5 14. Nc3 c6 15. e4 Re8 16. Qc2 Be6 1/2-1/2

[Event "XXXII Belgrade Trophy 2018"]
[Site "Belgrade"]
[Date "2018.11.28"]
[Round "5"]
[White "Djordjevic, Vuk"]
[Black "Veleski, Robert"]
[Result "1-0"]
[WhiteElo "2414"]
[BlackElo "2211"]
[Annotator "TA"]
[PlyCount "109"]
[EventDate "2018.11.24"]
[EventType "swiss"]
[EventCountry "SRB"]
[SourceTitle "playchess.com"]
[Source "ChessBase"]
[SourceQuality "1"]

{[%evp 22,109,43,35,70,61,121,120,131,126,128,97,165,140,172,118,149,115,164,73,68,59,225,58,205,213,212,140,144,104,151,152,114,41,37,45,37,38,38,26,24,0,114,127,116,102,165,143,122,95,93,112,87,0,0,0,166,169,176,33,48,0,156,70,133,135,121,111,135,134,135,135,172,168,168,168,168,160,153,153,153,150,150,150,128,128,150,148,133,133]} 1. e4 c5 2. Nf3 Nc6 3. d4 cxd4 4. Nxd4 Qb6 5. Nb3 Nf6 6. Nc3 e6 7. Bd3 d6 8. Be3 Qc7 9. f4 a6 10. g4 {[%cal Bg2g4,Bg4g5][%mdl 32] B33: Sicilian: Pelikan and Sveshnikov Variations} (10. Qf3 Be7 11. g4 b6 12. O-O-O Nd7 13. Kb1 Nc5 14. g5 Bd7 15. Qf2 Nb4 16. Bd4 Rg8 17. Rhe1 Nbxd3 18. cxd3 O-O-O 19. Rc1 {½-½ (41) Ragger,M (2656)-Movsesian,S (2677) Linares 2017}) 10... b5 11. g5 Nd7 12. Qd2 {LiveBook: 6 Games. White is slightly better.} Nb6 $146 ({Predecessor:} 12... Nc5 13. Nxc5 dxc5 14. Qf2 Bb7 15. O-O-O O-O-O 16. Rhf1 Nd4 17. f5 Bd6 {½-½ (30) Fier,A (2558)-Zubarev,A (2490) Almaty 2018}) 13. O-O-O Na4 (13... Rb8 $14) 14. Kb1 $16 Be7 15. Rhf1 Bd7 16. Ne2 b4 (16... Nc5 $16 {was called for.}) 17. f5 $18 Nc5 18. f6 (18. Nxc5 $18 dxc5 19. Ng3) 18... gxf6 19. gxf6 Bf8 20. Ned4 (20. Nxc5 $18 dxc5 21. Nf4) 20... Nxd4 $16 21. Bxd4 a5 $2 (21... Nxd3 $14 22. cxd3 e5) 22. Be3 $2 (22. Nxc5 $18 dxc5 23. Be3) 22... Na4 (22... Nxd3 $14 23. cxd3 (23. Qxd3 a4 $11) 23... e5) 23. Qe2 $18 Rb8 24. Bc1 Nc5 25. Bc4 Rg8 26. Rg1 Rg6 27. Rxg6 ({White should play} 27. Nxc5 $16 Qxc5 28. Be3) 27... hxg6 $14 28. Nxc5 Qxc5 29. Be3 Qe5 30. Bd4 Qf4 31. e5 d5 (31... Bc6 $11) 32. Ba6 $16 {[%cal Bc4a6,Ba6b7,Bb7c6][%mdl 32]} a4 33. b3 $1 Bc6 (33... a3 $16) 34. Ba7 Ra8 {[#]} 35. Bb7 $1 {[%mdl 512]} Rxa7 (35... Bxb7 36. Qb5+) 36. Bxc6+ Kd8 {[#]} 37. Bxa4 (37. Bxd5 $1 $16 {[%mdl 512] White threatens Qb5 and mate.} exd5 38. Qb5 {[%mdl 64] Double Attack}) 37... Ra5 $11 38. h4 $40 {[%cal Bh2h4,Bh4h5][%mdl 160] White is up to no good.} Bh6 $2 (38... Qxh4 $11 {and Black is okay.} 39. Qe3 Bc5) 39. h5 $18 {And now hxg6 would win.} g5 40. Rf1 (40. Qe1 $1 $18) 40... Qd4 $1 $14 41. Rd1 (41. Qd3 $14 Qxd3 42. cxd3) 41... Qf4 $1 $16 {[#] intending ...g4.} 42. Qd2 ({Better is} 42. Qe1 $1 $16) 42... Qxd2 (42... Rc5 $14) 43. Rxd2 $14 {[%mdl 4096] Endgame KRB-KRB} Ra8 44. Rd4 Rb8 45. Kb2 Kc7 46. Rg4 Rb7 47. a3 bxa3+ 48. Kxa3 Rb8 49. Kb2 Rd8 50. Kc3 Kb6 51. b4 Rc8+ {[#]} 52. Kb3 $1 Rd8 53. c3 Rg8 54. Kb2 Rd8 55. Bc2 {Accuracy: White = 48%, Black = 42%.} 1-0

[Event "XXXII Belgrade Trophy 2018"]
[Site "Belgrade"]
[Date "2018.11.28"]
[Round "5"]
[White "Lajthajm, Borko"]
[Black "Sanal, Vahap"]
[Result "1/2-1/2"]
[WhiteElo "2407"]
[BlackElo "2485"]
[Annotator "TA"]
[PlyCount "273"]
[EventDate "2018.11.24"]
[EventType "swiss"]
[EventCountry "SRB"]
[SourceTitle "playchess.com"]
[Source "ChessBase"]
[SourceQuality "1"]

{[%evp 20,273,10,10,8,15,12,10,13,0,2,0,0,-21,17,19,25,0,16,20,24,19,32,0,0,0,0,0,0,0,33,26,68,60,62,58,77,76,127,123,117,69,66,66,60,55,73,11,12,12,12,16,11,12,21,0,0,0,0,-8,-8,-3,-4,-6,-3,-9,-8,-10,0,0,0,-14,-14,-14,-14,-15,-15,-15,-8,-9,-8,-8,-8,-8,-8,-8,-8,-15,-8,-8,-8,-8,-8,-8,-8,-8,0,-8,-8,-8,-8,-8,-8,-8,0,0,0,0,0,0,0,0,0,0,0,0,0,0,0,0,0,-8,0,0,0,0,0,0,0,0,0,0,0,0,0,0,0,0,0,0,0,0,0,0,0,0,0,0,0,0,0,0,0,0,0,-8,0,0,0,0,0,0,0,0,0,0,0,0,0,0,0,0,0,0,0,0,0,0,0,-8,0,0,0,-8,-8,-8,0,0,0,-8,0,-8,0,0,0,-8,0,0,0,0,0,0,0,0,0,-8,0,0,0,0,0,0,0,0,0,0,0,0,0,0,0,0,0,0,0,0,0,0,0,0,0,0,0,0,0,0,0,0,0,0,0,0,0,0,0,0,0,0,0,0,0,0,0,0,0,0]} 1. e4 e5 2. Nf3 Nc6 3. Bc4 Bc5 4. c3 Nf6 5. d3 O-O 6. b4 Bb6 7. O-O h6 8. a4 a6 9. a5 Ba7 10. Qb3 {C54: Giuoco Piano: 4 c3 Nf6, main lines with 5 d4 and 5 d3} d6 11. Be3 {LiveBook: 3 Games} Bxe3 12. fxe3 Ne7 13. Nbd2 {[#]} Ng6 $146 ({Predecessor:} 13... c6 14. Qc2 b5 15. axb6 Qxb6 16. Rae1 Ng6 17. Ba2 Qc7 {½-½ (38) Van der Lende,I (2332)-Boruchovsky,A (2540) Barcelona 2015}) 14. Rae1 Qe7 15. Qa2 Bd7 16. h3 Rae8 17. Rf2 Be6 18. Nf1 c6 19. Bxe6 Qxe6 20. Qxe6 Rxe6 21. c4 d5 22. exd5 cxd5 23. Ng3 Ne7 24. Rb1 Rd8 25. c5 Ne8 26. b5 Nc7 27. bxa6 $1 bxa6 28. Rb6 f6 {[#]} (28... Nb5 $142) 29. d4 $1 $16 g6 30. Rxe6 Nxe6 31. Rb2 exd4 32. exd4 Nc6 {[#]} 33. Rb6 (33. Ne2 $1 $16) 33... Nexd4 $11 {The position is equal.} 34. Nxd4 Nxd4 35. Rxf6 {[%mdl 4096] Endgame KRN-KRN} Kg7 36. Rxa6 Rc8 37. Ra7+ Kf6 38. a6 Rxc5 39. Ra8 Ra5 40. a7 Ne6 41. Ne2 Nc7 42. Rd8 Rxa7 {Black wants to play ...Ke5.} 43. Rd6+ Ke5 44. Rxg6 d4 {Hoping for ...d3.} (44... Ra6 {feels hotter.} 45. Rg4 Ne6 46. Rh4 d4 47. Rh5+ Ke4) 45. Nxd4 Kxd4 46. Rxh6 {KRN-KR} Nd5 47. Rg6 Nf4 48. Rg8 Ra1+ 49. Kf2 Ra3 50. h4 Ke4 51. Re8+ Kf5 52. Rf8+ Ke5 53. g3 Ne6 54. Rf7 Nd4 55. g4 Ke4 56. h5 Nf3 57. h6 {Threatens to win with h7.} Ng5 58. Rf5 $132 {[%mdl 2048] White puts up resistance} Nh3+ 59. Kf1 Nf4 60. Ke1 Rh3 61. Rf6 Ke3 {[%cal Rh3h1]} 62. Kd1 Nd5 {( -> ...Kd3)} 63. Rd6 Nf4 64. Ra6 Rh2 65. g5 Rh5 (65... Ke4 {is more complex.} 66. Ra4+ Ke5 67. Ra5+ Ke6 68. Ra7 Ng6) 66. Ra8 Ke4 (66... Rxg5 {feels hotter.} 67. Kc2 Rc5+ 68. Kb3 Rb5+ 69. Kc3 Rc5+) 67. Ra4+ Kf5 68. Ra5+ Kg4 69. Kd2 Rh3 70. Re5 Kh5 71. Kc2 Kg6 72. Ra5 Ne6 73. Ra6 Kf5 74. Ra5+ Kf4 75. Ra8 Nxg5 76. Rh8 Ke4 77. Re8+ Kf5 78. Rf8+ Ke5 79. Re8+ Kf6 80. Rf8+ Nf7 81. Rb8 Nxh6 82. Rh8 Kg6 83. Kd2 Ra3 84. Kc2 Ng4 85. Rf8 Nf6 86. Rb8 Kf5 87. Rb3 Ra8 88. Rb7 $1 Ke5 89. Rf7 Ra3 90. Rf8 Rf3 91. Rh8 Kd4 92. Rf8 Rc3+ 93. Kb2 Rc6 94. Rh8 Nd5 95. Rd8 Rc5 96. Rb8 Rc6 97. Rd8 Rc5 98. Rb8 Kd3 99. Rb3+ Kd2 100. Rb8 $1 Kd3 101. Rb3+ Nc3 102. Rb8 Ne2 103. Rb3+ Kd2 104. Rh3 Rc4 105. Kb3 Rg4 106. Rh2 Rf4 107. Rh3 Nc1+ 108. Ka3 Nd3 109. Rh8 Nc5 110. Rh2+ Kc3 {[%csl Gc5][%cal Rf4a4]} 111. Rh3+ Nd3 112. Rh8 Rc4 113. Rh3 Rc5 {[%cal Rc5a5]} 114. Ka4 Rg5 115. Re3 $1 Rf5 116. Rh3 Kc4 117. Rh4+ Nf4 (117... Kc5 {seems wilder.} 118. Kb3 Ne5 119. Rh6 Ng4 120. Rh4 Rf3+) 118. Rh8 Ne6 (118... Nh5 {with more complications.} 119. Ka3 Kb5 120. Kb2 Kb4 121. Rb8+ Ka4) 119. Ka3 Rb5 120. Rh4+ Nd4 121. Ka2 Rg5 122. Ka3 Rg2 123. Re4 Rg3+ 124. Ka4 Rg5 125. Rh4 Rf5 (125... Kd5 {is interesting.} 126. Ka3 Nf5 127. Rb4 Kc5 128. Rf4 Kd5) 126. Rg4 Rh5 (126... Kd5 {is more complex.} 127. Kb4 Ne2 128. Ka3 Rf3+ 129. Kb2 Ke6) 127. Ka3 Rh2 128. Re4 Rh8 129. Rg4 Rb8 130. Rh4 Rb3+ 131. Ka4 Rb6 {[%cal Rb6a6]} 132. Ka3 Rf6 133. Rg4 Kc3 {[%cal Rf6a6]} 134. Rg3+ Nf3 {[%cal Rf6a6]} 135. Ka4 Rf5 136. Rg8 Ne5 137. Kb5 {Accuracy: White = 71%, Black = 56%.} 1/2-1/2

[Event "XXXII Belgrade Trophy 2018"]
[Site "Belgrade"]
[Date "2018.11.28"]
[Round "5"]
[White "Atakisi, Umut"]
[Black "Sahin, Ozgun"]
[Result "1-0"]
[WhiteElo "2398"]
[BlackElo "2208"]
[Annotator "ChessBase"]
[PlyCount "85"]
[EventDate "2018.11.24"]
[EventType "swiss"]
[EventCountry "SRB"]
[SourceTitle "playchess.com"]
[Source "ChessBase"]
[SourceQuality "1"]
[TimeControl "40/5400+30:900+30"]

1. d4 {[%emt 0:08:18]} d6 {[%emt 0:00:56]} 2. g3 {[%emt 0:02:50]} Nd7 {[%emt 0:01:13]} 3. Bg2 {[%emt 0:00:15]} g6 {[%emt 0:00:26]} 4. Nf3 {[%emt 0:00:06]} Bg7 {[%emt 0:00:05]} 5. O-O {[%emt 0:00:09]} e5 {[%emt 0:02:15]} 6. dxe5 {[%emt 0:00:05]} dxe5 {[%emt 0:01:47]} 7. Nc3 {[%emt 0:00:36]} Ne7 {[%emt 0:01:33]} 8. e4 {[%emt 0:08:58]} O-O {[%emt 0:00:38]} 9. b3 {[%emt 0:00:08]} b6 {[%emt 0:15:09]} 10. a4 {[%emt 0:05:16]} a5 {[%emt 0:04:47]} 11. Ba3 {[%emt 0:00:33]} Nc5 {[%emt 0:02:21]} 12. Bxc5 {[%emt 0:04:36]} bxc5 {[%emt 0:00:03]} 13. Qxd8 {[%emt 0:00:53]} Rxd8 {[%emt 0:00:14]} 14. Rfd1 {[%emt 0:00:06]} Bg4 {[%emt 0:13:01]} 15. Nb5 {[%emt 0:26:48]} f5 {[%emt 0:02:45]} 16. Nxc7 {[%emt 0:06:23]} Rxd1+ {[%emt 0:16:29]} 17. Rxd1 {[%emt 0:00:08]} Rc8 {[%emt 0:00:02]} 18. Nd5 {[%emt 0:00:41]} Nxd5 {[%emt 0:02:39]} 19. Rxd5 {[%emt 0:00:08]} c4 {[%emt 0:02:07]} 20. h3 {[%emt 0:05:45]} cxb3 {[%emt 0:00:26]} 21. cxb3 {[%emt 0:00:06]} fxe4 {[%emt 0:08:37]} 22. hxg4 {[%emt 0:01:34]} exf3 {[%emt 0:00:05]} 23. Bxf3 {[%emt 0:00:09]} Rc1+ {[%emt 0:05:02]} 24. Kg2 {[%emt 0:00:14]} Re1 {[%emt 0:00:49]} 25. Rd8+ {[%emt 0:02:29]} Bf8 {[%emt 0:02:26]} 26. Bd5+ {[%emt 0:00:14]} Kg7 {[%emt 0:00:01]} 27. g5 {[%emt 0:01:16]} Rd1 {[%emt 0:03:08]} 28. Kf3 {[%emt 0:02:05]} Rd4 {[%emt 0:02:27]} 29. Ke2 {[%emt 0:02:29]} Rg4 {[%emt 0:08:44]} 30. Rd7+ {[%emt 0:00:59]} Kh8 {[%emt 0:00:03]} 31. Ra7 {[%emt 0:01:14]} Rxg5 {[%emt 0:00:05]} 32. Rxa5 {[%emt 0:00:13]} Rg4 {[%emt 0:00:08]} 33. Rb5 {[%emt 0:01:27]} Rb4 {[%emt 0:00:10]} 34. Rxb4 {[%emt 0:00:45]} Bxb4 {[%emt 0:00:02]} 35. Kd3 {[%emt 0:00:36]} Kg7 {[%emt 0:00:25]} 36. Kc4 {[%emt 0:02:12]} Be1 {[%emt 0:00:07]} 37. b4 {[%emt 0:02:03]} Bxf2 {[%emt 0:00:05]} 38. a5 {[%emt 0:00:29]} Kf6 {[%emt 0:00:40]} 39. Kb5 {[%emt 0:01:49]} e4 {[%emt 0:03:57]} 40. Kc6 {[%emt 0:00:08]} Bxg3 {[%emt 0:01:00]} 41. b5 {[%emt 0:15:12]} e3 {[%emt 0:15:46]} 42. Bf3 {[%emt 0:00:16]} h5 {[%emt 0:01:16]} 43. a6 {[%emt 0:00:17]} 1-0

[Event "XXXII Belgrade Trophy 2018"]
[Site "Belgrade"]
[Date "2018.11.28"]
[Round "5"]
[White "Abramovic, Bosko"]
[Black "Gunduz, Umut Erdem"]
[Result "1-0"]
[WhiteElo "2372"]
[BlackElo "2205"]
[Annotator "TA"]
[PlyCount "59"]
[EventDate "2018.11.24"]
[EventType "swiss"]
[EventCountry "SRB"]
[SourceTitle "playchess.com"]
[Source "ChessBase"]
[SourceQuality "1"]

{[%evp 15,59,46,45,23,18,18,21,34,20,-25,14,-8,0,-4,78,74,61,61,75,72,118,122,132,142,239,246,333,320,541,525,801,436,582,520,1169,746,1972,716,688,680,29993,29994,29994,29995,29995,29996]} 1. g3 g6 2. Bg2 Bg7 3. e4 e5 4. Ne2 Ne7 5. d4 exd4 6. Nxd4 {A00: Irregular Openings} O-O (6... Nbc6 7. Ne2 d6 8. Nbc3 Be6 9. O-O O-O 10. Nf4 Bd7 11. Re1 Re8 12. h3 Ne5 {1-0 (50) Kovacevic,B (2473)-Poetz,F (2383) Austria 2015}) 7. Nc3 Nbc6 8. Be3 d6 {LiveBook: 6 Games} 9. h3 Ne5 10. b3 $146 ({Predecessor:} 10. Qe2 c5 11. Nf3 Nxf3+ 12. Qxf3 {½-½ (24) Perez,F (2267)-Acher,M (2340) France 2009}) 10... c5 11. Nde2 $1 f5 12. f4 N5c6 13. O-O fxe4 14. Nxe4 Nf5 (14... Bxa1 $11 {remains equal.} 15. Qxa1 Nd5) 15. Bf2 Bxa1 16. Qd5+ Kh8 {aiming for ...Bg7.} 17. Rxa1 Qe7 18. g4 Be6 {[#]} 19. Qd2 $1 Nfd4 (19... Ng7 $16 {is a better defense.}) 20. Nxd4 cxd4 21. Re1 Qd7 $2 (21... Bd7 22. Ng5 (22. Bxd4+ Nxd4 23. Qxd4+ {[%mdl 64] Double Attack} Qg7 $14) 22... Qd8 23. Bxc6 (23. Bxd4+ Nxd4 24. Qxd4+ {[%mdl 64] Double Attack} Qf6 $11) 23... Bxc6) 22. Ng5 $18 Bf7 23. Bxd4+ Kg8 24. Bb2 Rac8 (24... Rae8 $142 25. Rxe8 Rxe8) 25. c4 {[#] Strongly threatening Bxc6.} d5 26. Nxf7 (26. Bxd5 $142 Rce8 27. Rxe8 Rxe8 28. Qc3) 26... Rxf7 27. Bxd5 {Intending Qc3 and mate.} Kf8 28. Qc3 {[%cal Rc3h8] White mates.} Ne7 29. Qh8+ Ng8 30. Ba3+ {Accuracy: White = 62%, Black = 29%.} 1-0

[Event "XXXII Belgrade Trophy 2018"]
[Site "Belgrade"]
[Date "2018.11.28"]
[Round "5"]
[White "Cerovic, Danilo"]
[Black "Damjanovic, Vuk"]
[Result "1/2-1/2"]
[WhiteElo "2333"]
[BlackElo "2053"]
[Annotator "TA"]
[PlyCount "102"]
[EventDate "2018.11.24"]
[EventType "swiss"]
[EventCountry "SRB"]
[SourceTitle "playchess.com"]
[Source "ChessBase"]
[SourceQuality "1"]

{[%evp 9,102,12,12,0,0,0,0,0,17,17,37,15,27,22,24,20,17,0,0,0,0,0,0,-14,0,-8,-11,-20,-4,-4,0,0,0,0,0,0,0,-3,10,13,10,15,48,47,46,43,58,64,39,8,8,-64,4,4,4,4,8,6,13,6,5,6,14,0,13,13,20,20,20,20,37,37,37,37,37,37,37,31,32,0,0,0,0,0,0,0,0,0,0,0,0,0,0,0,0]} 1. Nf3 Nf6 2. g3 d5 3. Bg2 Bg4 4. Ne5 Bf5 5. c4 c6 6. d4 {A11: English Opening: 1...c6} (6. cxd5 cxd5 7. Nc3 e6 8. Qa4+ Nbd7 9. g4 Bc2 10. Nxf7 Kxf7 11. Qxc2 Nxg4 12. Nxd5 Qh4 13. Qc7 Qxf2+ 14. Kd1 Ke8 15. Bf3 {1-0 (113) Skoberne,J (2553)-Akobian,V (2647) chess.com INT 2018}) 6... e6 7. O-O Nbd7 8. Nc3 Bd6 9. Bf4 {With the idea Nxf7!} Qb8 {[%cal Rd7e5]} 10. cxd5 (10. Nxd7 {feels hotter.} Nxd7 11. Bc1 O-O 12. e4 dxe4 13. Nxe4 Bc7 14. Be3) 10... exd5 {[%cal Rd7e5]} 11. Nxd7 Nxd7 12. Bxd6 Qxd6 13. f3 $146 ({Predecessor:} 13. e4 dxe4 14. Bxe4 Bxe4 15. Nxe4 {1-0 (25) Lie,E (2459)-Gausel,E (2479) Norway 2017}) 13... O-O 14. e4 dxe4 15. fxe4 Bg6 $1 16. Qd2 Nb6 17. Rad1 Rad8 18. b3 Qb4 19. Ne2 Qxd2 20. Rxd2 Rfe8 21. Nc3 c5 22. d5 $36 {[%mdl 2048] White fights for an advantage.} Nc8 23. d6 Rxd6 24. Rxd6 Nxd6 25. Rd1 $1 {[%cal Rd1d6]} Nc8 26. Rd7 {[%mdl 1024] White has compensation.} b6 27. Nd5 f6 28. Nc7 Rf8 29. Ne6 {[%mdl 64] [#] Double Attack} Re8 30. Rxg7+ Kh8 31. Rc7 Rxe6 32. Rxc8+ $11 {[%mdl 4096] Endgame KRB-KRB} Re8 33. Rc7 Bxe4 34. Bxe4 Rxe4 35. Rxa7 {KR-KR} Re2 36. Ra6 Rb2 (36... b5 {is interesting.} 37. Rc6 Rc2 38. Rc7 b4 39. Ra7 Kg8) 37. Rxb6 Rxa2 38. Rxf6 Rb2 39. Rf3 Kg7 40. Rc3 Kg6 41. h3 h6 42. Kf1 Kf6 43. Ke1 Ke6 44. Kd1 Kd5 {The position is equal.} 45. Kc1 Rh2 46. h4 Rg2 47. Rf3 Kd4 48. Kd1 Rb2 49. h5 Ke4 50. Rf4+ Kd5 51. Rf3 Ke4 {Accuracy: White = 71%, Black = 70%.} 1/2-1/2

[Event "XXXII Belgrade Trophy 2018"]
[Site "Belgrade"]
[Date "2018.11.28"]
[Round "5"]
[White "Olcum, Ahmet"]
[Black "Todorovic, Goran M"]
[Result "1/2-1/2"]
[WhiteElo "2326"]
[BlackElo "2435"]
[Annotator "TA"]
[PlyCount "47"]
[EventDate "2018.11.24"]
[EventType "swiss"]
[EventCountry "SRB"]
[SourceTitle "playchess.com"]
[Source "ChessBase"]
[SourceQuality "1"]

{[%evp 16,47,-7,-8,21,0,0,0,4,0,9,10,9,0,0,13,39,33,34,23,21,14,16,3,22,4,11,12,48,47,44,40,48,18]} 1. d4 d5 2. Bf4 c5 3. e3 cxd4 4. exd4 Nc6 5. c3 Bf5 6. Nf3 {B13: Caro-Kann: Exchange Variation and Panov-Botvinnik Attack} e6 7. Qb3 Qd7 8. Nbd2 Nge7 9. h3 {LiveBook: 8 Games} Bg6 $146 ({Predecessor:} 9... Ng6 10. Bh2 Bd6 11. Bxd6 Qxd6 12. g4 Be4 13. Nxe4 dxe4 {½-½ (26) Grachev,B (2653)-Kryakvin,D (2567) Serpukhov 2018}) 10. a4 a6 11. Be2 Nf5 12. O-O Bd6 13. Bxd6 Nxd6 14. Ne5 Nxe5 15. dxe5 Ne4 16. Nxe4 Bxe4 17. Qb4 Qe7 18. Qxe7+ Kxe7 19. a5 f6 20. f4 Rac8 21. Ra4 Rhd8 22. Rb4 {White is slightly better.} Rd7 23. Kf2 Rc5 24. Ra1 {Accuracy: White = 63%, Black = 44%.} 1/2-1/2

[Event "XXXII Belgrade Trophy 2018"]
[Site "Belgrade"]
[Date "2018.11.28"]
[Round "5"]
[White "Pastar, Slaven"]
[Black "Radovanovic, Mihajlo"]
[Result "0-1"]
[WhiteElo "2326"]
[BlackElo "2466"]
[Annotator "TA"]
[PlyCount "84"]
[EventDate "2018.11.24"]
[EventType "swiss"]
[EventCountry "SRB"]
[SourceTitle "playchess.com"]
[Source "ChessBase"]
[SourceQuality "1"]

{[%evp 23,84,0,0,0,0,-15,33,30,31,7,28,27,28,33,22,18,34,0,48,23,23,23,23,18,52,58,39,27,25,34,81,39,33,28,45,0,0,0,61,50,70,35,62,0,58,0,16,0,0,0,0,-106,-122,-175,-177,-171,-190,-576,-577,-1137,-1197,-1220,-1184]} 1. d4 Nf6 2. c4 g6 3. Nc3 Bg7 4. e4 d6 5. Bd3 O-O 6. Nge2 Nc6 7. O-O Nd7 8. Bc2 {E70: King's Indian: Miscellaneous lines with 4 e4, including 5 Nge2 and 5 Bd3 0-0 6 Nge2} e5 9. d5 Nd4 10. Be3 Nxc2 11. Qxc2 f5 12. exf5 gxf5 {LiveBook: 23 Games} 13. f4 Nf6 14. h3 {[#]} Kh8 $146 ({Predecessor:} 14... Nh5 15. c5 Bd7 16. Qb3 Kh8 17. Qxb7 exf4 18. Bxf4 {0-1 (45) Romanov,E (2616)-Tkachiev,V (2650) Warsaw 2012}) 15. Ng3 {Strongly threatening fxe5.} e4 16. Bd4 Bd7 17. Nd1 Qe8 18. Ne3 Qg6 19. Ne2 Rg8 20. b4 h5 21. Rab1 h4 22. a4 Kh7 23. Rf2 Bf8 24. c5 Nh5 25. b5 dxc5 26. Bxc5 Bh6 27. Bd4 Rac8 28. Rb3 Bf8 29. Rc3 Bd6 30. Be5 Kh6 (30... Rge8 $11) 31. Qc1 Kh7 32. Nc4 Bc5 {[%csl Gg8][%cal Rg6g2] [#]} 33. Ne3 (33. Bd4 $5 {[%cal Rd4c5]} Bd6 34. Nxd6 Qxd6 35. Be5 Qxd5 36. Rc5 $11) 33... Bd6 34. Qc2 (34. Nd4 $14) 34... a6 35. Nd4 axb5 36. axb5 Ng3 37. b6 (37. Qd1 $11 {keeps the balance.}) 37... cxb6 $17 38. Bxd6 (38. Ne2 $17) 38... Qxd6 $19 39. Rxc8 Rxc8 {[%cal Bg8c8,Bc8c3,Bc3c1][%mdl 32]} 40. Qd1 $2 {[#]} (40. Qb2) 40... Rc3 {Black is clearly winning.} 41. Nf1 Qc5 42. Nxg3 Rc1 {Accuracy: White = 37%, Black = 58%.} 0-1